000 00989nam a22002897a 4500
005 20251108173339.0
008 250721s1997 xx 000 0 ara d
020 _a9771602888
082 1 4 _aط/219.5/عبد
100 1 _aعبد الحميد، علي عبد المنعم
245 1 0 _aحواري الرسول و شخصيات أخرى /
264 1 _aبيروت :
_bمكتبة لبنان،
_c1997.
300 _a95 ص.
490 0 _aرياض الإيمان : نفحات من سيرة الرسول و صحبه
650 1 7 _aالسيرة النبوية
650 1 7 _aالصحابة و التابعون
653 _aأبو ذر الغفاري
653 _aعمير بن وهب الجمحي
653 _aالزبير بن العوام
653 _aخبيب بن عدي
653 _aوحشي
653 _aمعاذ بن جبل
653 _aأسماء بنت أبي بكر
653 _aناشئون صغار (10-14 سنة)
942 _2ddc
_cBK
999 _c101808
_d101808